01016nam a2200265 i 4500003000900000005001700009007000300026008004100029040003000070082001400100110004400114245003900158264005900197300002800256336002700284337003400311338002800345590002600373700005600399910000700455942001400462952012600476952013100602999001700733DO-SdBNP20250423140401.0ta240213s19? dr a 000 j spa d aDO-SdBNPbspacBNPHUerda bA837L2222 aAsociación Médica Dominicana91656510aLegislación sanitaria dominicana 1aSanto Domingo :bEdiciones AMD,cfecha no identificar. a114 páginas ;c22 cm. 2rdacontentatextobtxt 2rdamediaasin mediación bn 2rdacarrieravolumenbnc aInventariado, 2024/DG1 aVeras, Cledeninecoordinación pedagógica984892 aDG 2ddccLBS1 00102ddc51708PDaBNPHUbBNPHUcCTd2024-02-13edonaciónl0oBNPHU PD A837Lp2024-1047r2024-02-13w2024-02-13yLBS1 00102ddc51708PDaBNPHUbBNPHUcCTd2024-02-13edonaciónl0oBNPHU PD A837Lp2024-1048r2024-02-13te.2w2024-02-13yLBS1 c55930d55930